Sector agrari i territori
Publicado:
Barcelona :
Generalitat de Catalunya. Departament d'Agricultura, Ramaderia i Pesca ,
1984
Descripción Física:
235 p. : amb map. ; 24 cm
MARC
| LEADER | 00000nam a2200000Ia 4500 | ||
|---|---|---|---|
| 001 | 1608 | ||
| 008 | 160829s1984 xx 000 0 cat d | ||
| 080 | |a C-1-200 | ||
| 245 | |a Sector agrari i territori | ||
| 260 | |a Barcelona : |b Generalitat de Catalunya. Departament d'Agricultura, Ramaderia i Pesca, |c 1984 | ||
| 300 | |a 235 p. : |b amb map. ; |c 24 cm | ||
| 650 | |a Agricultura |x Aspectes econòmics |x Catalunya |9 22051 | ||
| 710 | 1 | |a Catalunya. |b Departament d'Agricultura, Ramaderia i Pesca |9 55595 | |
| 901 | |a Arxiu | ||
| 942 | |n 1 | ||
| 952 | |0 0 |1 0 |4 0 |6 C1200 |7 1 |9 42030 |a Arxiu |b Arxiu |d 2016-12-01 |l 0 |o C-1-200 |p 1608 |r 2016-12-01 00:00:00 |w 2016-12-01 |y ARXIU | ||
| 999 | |c 44477 |d 44477 | ||